[Event "TCh-RUS HL 2019"]
[Site "Sochi RUS"]
[Date "2019.05.02"]
[Round "2.5"]
[Board "1"]
[White "Korneev, Oleg"]
[Black "Triapishko, Alexandr"]
[Result "1/2-1/2"]
[WhiteTitle "GM"]
[BlackTitle "IM"]
[WhiteElo "2530"]
[BlackElo "2506"]
[WhiteTeam "KPRF (Moscow)"]
[BlackTeam "Krym Nash"]
[WhiteFideId "4156803"]
[BlackFideId "14122286"]
[EventDate "2019.05.01"]

1. e4 c6 2. d4 d5 3. Nc3 dxe4 4. Nxe4 Bf5 5. Ng3 Bg6 6. h4 h6 7. Nf3 e6 8. Ne5
Bh7 9. Bd3 Bxd3 10. Qxd3 Nd7 11. Bf4 Nxe5 12. Bxe5 Qa5+ 13. c3 Nf6 14. O-O Ng4
15. Rad1 O-O-O 16. Qe2 Nxe5 17. dxe5 Be7 18. h5 Rxd1 19. Rxd1 Rd8 20. Rxd8+ Kxd8
21. a3 Qd5 22. f4 b5 23. Ne4 f6 24. exf6 gxf6 25. g3 c5 26. b4 c4 27. Nf2 f5 28.
Qe3 Bf6 29. Kf1 Kc8 30. Ke2 Kb7 31. g4 fxg4 32. Nxg4 Bg7 33. Kf2 Qf5 34. Kf3
Qd5+ 35. Kf2 a6 36. Ne5 Bf6 37. Kg3 Bg7 38. Kf2 Bf6 39. Kg3 Bg7 1/2-1/2

[Event "TCh-RUS HL 2019"]
[Site "Sochi RUS"]
[Date "2019.05.02"]
[Round "2.5"]
[Board "2"]
[White "Yeletsky, Ivan"]
[Black "Kornev, Alexei"]
[Result "0-1"]
[WhiteTitle "FM"]
[BlackTitle "GM"]
[WhiteElo "2422"]
[BlackElo "2490"]
[WhiteTeam "Krym Nash"]
[BlackTeam "KPRF (Moscow)"]
[WhiteFideId "24180327"]
[BlackFideId "4120949"]
[EventDate "2019.05.01"]

1. e4 e5 2. Nf3 Nc6 3. Bb5 Nf6 4. d3 Bc5 5. c3 d5 6. exd5 Qxd5 7. Bc4 Qd6 8.
Nbd2 O-O 9. Qe2 Bg4 10. h3 Bh5 11. g4 Bg6 12. Nh4 e4 13. d4 Bxd4 14. Nxg6 hxg6
15. g5 Rfe8 16. cxd4 Nxd4 17. Bxf7+ Kxf7 18. Qc4+ Re6 19. gxf6 b5 20. Qc3 e3 21.
Kd1 e2+ 22. Ke1 b4 23. Qc4 Nf3+ 0-1

[Event "TCh-RUS HL 2019"]
[Site "Sochi RUS"]
[Date "2019.05.02"]
[Round "2.5"]
[Board "3"]
[White "Chernyshov, Konstantin"]
[Black "Vastrukhin, Oleg"]
[Result "1/2-1/2"]
[WhiteTitle "GM"]
[WhiteElo "2461"]
[BlackElo "2404"]
[WhiteTeam "KPRF (Moscow)"]
[BlackTeam "Krym Nash"]
[WhiteFideId "4117328"]
[BlackFideId "4192770"]
[EventDate "2019.05.01"]

1. d4 g6 2. e4 Bg7 3. Nc3 c6 4. Nf3 d5 5. h3 Nf6 6. Bd3 dxe4 7. Nxe4 Bf5 8. Nc5
b6 9. Nb3 Bxd3 10. Qxd3 O-O 11. Bf4 Nbd7 12. O-O e6 13. Rad1 Qc8 14. c4 Qb7 15.
Ne5 Rfd8 16. Qf3 Rac8 17. Nc1 Nxe5 18. Bxe5 Qe7 19. Nd3 Nd7 20. Bxg7 Kxg7 21.
Rfe1 Qf6 22. Qe3 c5 23. dxc5 Nxc5 24. Ne5 a5 25. b3 Rxd1 26. Rxd1 Rd8 27. Rd4
Rxd4 28. Qxd4 Nd3 29. Qxd3 Qxe5 30. g4 Qc5 31. Kg2 h6 32. Qc3+ e5 33. a3 f6 34.
b4 axb4 35. axb4 Qc6+ 36. Kg1 Kf7 37. c5 bxc5 38. bxc5 Ke7 39. Qc4 f5 40. Qg8
fxg4 41. Qg7+ Kd8 1/2-1/2

[Event "TCh-RUS HL 2019"]
[Site "Sochi RUS"]
[Date "2019.05.02"]
[Round "2.5"]
[Board "4"]
[White "Derjabin, Ilja"]
[Black "Domogaev, Sergey"]
[Result "1/2-1/2"]
[WhiteTitle "IM"]
[BlackTitle "GM"]
[WhiteElo "2345"]
[BlackElo "2371"]
[WhiteTeam "Krym Nash"]
[BlackTeam "KPRF (Moscow)"]
[WhiteFideId "14104768"]
[BlackFideId "24103608"]
[EventDate "2019.05.01"]

1. d4 d6 2. c4 e5 3. d5 f5 4. e4 Nf6 5. Nc3 Be7 6. Bd3 f4 7. Nf3 O-O 8. h3 Ne8
9. Be2 Nd7 10. a3 a5 11. Rb1 g5 12. b4 axb4 13. axb4 Ng7 14. Rb3 h5 15. Nh2 Nf6
16. Ra3 Bd7 17. Nf3 Rxa3 18. Bxa3 Qa8 19. Qb3 g4 20. hxg4 hxg4 21. Nd2 Qe8 22.
c5 Qg6 23. Bd3 Ngh5 24. Nc4 f3 25. g3 Nxg3 26. fxg3 Nh5 27. Nxe5 Qg5 28. Rxh5
f2+ 29. Kd1 Qxh5 30. Nxd7 Qh1+ 31. Kc2 Rf3 32. cxd6 cxd6 33. Qc4 Rxd3 34. Qc8+
Kg7 35. Bb2 f1=Q 36. Nb5+ Kf7 37. Nxd6+ Bxd6 38. Ne5+ Bxe5 39. Qe6+ Kf8 40. Qc8+
Ke7 41. Qe6+ Kd8 42. Qg8+ Ke7 1/2-1/2

[Event "TCh-RUS HL 2019"]
[Site "Sochi RUS"]
[Date "2019.05.02"]
[Round "2.6"]
[Board "1"]
[White "Kardashevskiy, Evgeny"]
[Black "Musalov, Ruslan"]
[Result "1/2-1/2"]
[WhiteTitle "FM"]
[BlackTitle "IM"]
[WhiteElo "2417"]
[BlackElo "2338"]
[WhiteTeam "Altai Territory"]
[BlackTeam "Dagestan"]
[WhiteFideId "24108138"]
[BlackFideId "4141490"]
[EventDate "2019.05.01"]

1. d4 d5 2. Nf3 Nf6 3. c4 e6 4. Nc3 Be7 5. Bf4 O-O 6. e3 Nbd7 7. c5 Nh5 8. Bd3
Nxf4 9. exf4 b6 10. b4 a5 11. a3 c6 12. O-O Qc7 13. g3 Ba6 14. Re1 Bxd3 15. Qxd3
g6 16. h4 Rfb8 17. Kg2 axb4 18. axb4 Rxa1 19. Rxa1 bxc5 20. bxc5 Kg7 21. Ra6 Rb3
22. Qc2 Qb7 23. Ra7 Rxc3 24. Qxg6+ hxg6 25. Rxb7 Nxc5 26. Rxe7 Ne4 27. Ne5 Rc2
28. Rxf7+ Kg8 29. Rc7 Rxf2+ 30. Kh3 Ra2 31. h5 gxh5 32. Rxc6 Ra3 33. Rxe6 Rxg3+
34. Kh4 Rg1 35. Rg6+ Rxg6 36. Nxg6 Kg7 37. Ne7 Kf6 38. Nxd5+ Kf5 39. Kxh5 Ng3+
40. Kh6 Ne2 41. Ne7+ Kxf4 42. d5 Ke5 1/2-1/2

[Event "TCh-RUS HL 2019"]
[Site "Sochi RUS"]
[Date "2019.05.02"]
[Round "2.6"]
[Board "2"]
[White "Tekeyev, Zaur"]
[Black "Boiarintsev, Vitaly"]
[Result "1-0"]
[WhiteTitle "FM"]
[BlackTitle "FM"]
[WhiteElo "2386"]
[BlackElo "2327"]
[WhiteTeam "Dagestan"]
[BlackTeam "Altai Territory"]
[WhiteFideId "4199731"]
[BlackFideId "34128384"]
[EventDate "2019.05.01"]

1. e4 c5 2. Nf3 g6 3. d4 Bg7 4. Nc3 Qa5 5. d5 Bxc3+ 6. bxc3 Nf6 7. Be2 Nxe4 8.
O-O d6 9. Bd3 Nf6 10. c4 Bg4 11. Bb2 Nbd7 12. Re1 Qc7 13. h3 Bxf3 14. Qxf3 Ne5
15. Qg3 Nh5 16. Qe3 O-O 17. Be2 f6 18. f4 Nd7 19. Bxh5 gxh5 20. Qg3+ Kf7 21. Qf3
Ke8 22. Qxh5+ Kd8 23. Qxh7 Nb6 24. Qg7 Re8 25. Bxf6 Qd7 26. Bg5 Kc7 27. Re4 e5
28. Qxd7+ Nxd7 29. f5 Rg8 30. h4 a6 31. a4 a5 32. g4 Raf8 33. Kh2 Rf7 34. Kh3
Nf8 35. Bd2 Nd7 36. Bxa5+ b6 37. Bd2 Nf6 38. Rae1 Ra8 39. R4e3 Rxa4 40. Rc3 b5
41. g5 Nd7 42. f6 bxc4 43. Rf1 Ra8 44. Rxc4 Nb6 45. Rg4 Nxd5 46. c4 Ne7 47. g6
Ra3+ 48. Kg2 Nxg6 49. Rxg6 Kd7 50. h5 e4 51. Bh6 Ke6 52. Bg7 Ra2+ 53. Kh3 e3 54.
Rg3 Ra3 55. Re1 1-0

[Event "TCh-RUS HL 2019"]
[Site "Sochi RUS"]
[Date "2019.05.02"]
[Round "2.6"]
[Board "3"]
[White "Slizunkov, Dmitry"]
[Black "Alikhanov, Felix"]
[Result "1/2-1/2"]
[BlackTitle "IM"]
[WhiteElo "2144"]
[BlackElo "2455"]
[WhiteTeam "Altai Territory"]
[BlackTeam "Dagestan"]
[WhiteFideId "34185949"]
[BlackFideId "4157427"]
[EventDate "2019.05.01"]

1. e4 e6 2. d4 d5 3. Nd2 a6 4. Ngf3 c5 5. exd5 exd5 6. Bd3 c4 7. Be2 Nc6 8. O-O
Bd6 9. b3 cxb3 10. c4 bxa2 11. cxd5 Nb4 12. Ne4 Ne7 13. Qa4+ b5 14. Bxb5+ axb5
15. Qxa8 O-O 16. Ba3 Nexd5 17. Rxa2 Nb6 18. Qa5 Nxa2 19. Bxd6 Nc4 20. Qxa2 Nxd6
21. Nc5 Re8 22. Ne5 Nc4 23. Nf3 h6 24. h3 Be6 25. Nxe6 Rxe6 26. Qb3 Rb6 27. Ra1
Rb7 28. Ra6 Rb8 29. Qb4 Qf8 30. Qb3 Qc8 31. Ra7 Qe6 32. Ra1 Ne5 33. Nd2 Nc6 34.
Qxe6 fxe6 35. Nb3 Rd8 36. Ra6 Nxd4 37. Nxd4 Rxd4 38. Rxe6 Rd2 39. Rb6 Rb2 40. g4
b4 41. h4 b3 42. Kg2 Rb1 43. Kf3 Kf7 44. Kf4 b2 1/2-1/2

[Event "TCh-RUS HL 2019"]
[Site "Sochi RUS"]
[Date "2019.05.02"]
[Round "2.6"]
[Board "4"]
[White "Kamaev, Dzhabrail"]
[Black "Guempel, Viktor"]
[Result "1-0"]
[BlackTitle "FM"]
[WhiteElo "1982"]
[BlackElo "2130"]
[WhiteTeam "Dagestan"]
[BlackTeam "Altai Territory"]
[WhiteFideId "34164798"]
[BlackFideId "4148509"]
[EventDate "2019.05.01"]

1. d4 d5 2. Nf3 Nf6 3. e3 c6 4. Bd3 Bg4 5. c4 e6 6. Qb3 Bxf3 7. gxf3 Qb6 8. c5
Qc7 9. Qc3 Nbd7 10. f4 Be7 11. Nd2 O-O 12. O-O b6 13. b4 a5 14. a3 axb4 15. axb4
Rxa1 16. Qxa1 bxc5 17. bxc5 g5 18. fxg5 Ng4 19. f4 Bxg5 20. Nf3 Bh6 21. h3 Ngf6
22. Kh1 Bg7 23. Rg1 Kh8 24. Qb1 h6 25. Qc2 Rg8 26. Ne5 Nxe5 27. fxe5 Ne8 28. Qg2
f5 29. Qg6 Qe7 30. Bd2 Rf8 31. Ba5 Qf7 32. Qxf7 Rxf7 33. Bb6 Kh7 34. Ra1 h5 35.
Kg2 Bh6 36. Kf3 Rg7 37. Ra7 Rxa7 38. Bxa7 Nc7 39. Bb6 Na8 40. Ba5 1-0

[Event "TCh-RUS HL 2019"]
[Site "Sochi RUS"]
[Date "2019.05.02"]
[Round "2.7"]
[Board "1"]
[White "Grishchenko, Sergey1"]
[Black "Pogorelskikh, Sergey"]
[Result "1-0"]
[WhiteTitle "IM"]
[BlackTitle "FM"]
[WhiteElo "2415"]
[BlackElo "2296"]
[WhiteTeam "Metrum Group (Smolensk region)"]
[BlackTeam "Volga (Samara region)"]
[WhiteFideId "4136730"]
[BlackFideId "4187024"]
[EventDate "2019.05.01"]

1. d4 Nf6 2. c4 g6 3. Nc3 Bg7 4. e4 d6 5. Be2 O-O 6. Be3 c5 7. d5 e6 8. Nf3 exd5
9. cxd5 Bg4 10. Nd2 Bxe2 11. Qxe2 Nbd7 12. O-O Ne8 13. Bf4 a6 14. a4 Qe7 15.
Rae1 Rb8 16. Nc4 Ne5 17. Bxe5 Bxe5 18. Nxe5 Qxe5 19. f4 Qe7 20. e5 f5 21. Rf3
Nc7 22. a5 Rbd8 23. Qc4 Rc8 24. Rfe3 Qd7 25. b4 Nb5 26. Na4 cxb4 27. Qxb4 Rc7
28. Nb6 Qd8 29. e6 Qe7 30. Nd7 Rfc8 31. Qb2 Rc3 32. Rxc3 Rxc3 33. Qf2 Rc7 34. g4
fxg4 35. f5 gxf5 36. Rf1 Rxd7 37. exd7 Qxd7 38. Qxf5 Qxf5 39. Rxf5 Nd4 40. Rf6
Nb3 41. Rxd6 Nxa5 42. Rd7 h5 43. Rc7 Kf8 44. Rh7 h4 45. Rxh4 Nb3 46. Rxg4 a5 47.
h4 1-0

[Event "TCh-RUS HL 2019"]
[Site "Sochi RUS"]
[Date "2019.05.02"]
[Round "2.7"]
[Board "2"]
[White "Alieva, Alexandra"]
[Black "Potapov, Alexey"]
[Result "0-1"]
[WhiteTitle "WFM"]
[BlackTitle "IM"]
[WhiteElo "2122"]
[BlackElo "2370"]
[WhiteTeam "Volga (Samara region)"]
[BlackTeam "Metrum Group (Smolensk region)"]
[WhiteFideId "24133353"]
[BlackFideId "4182138"]
[EventDate "2019.05.01"]

1. e4 d5 2. exd5 Qxd5 3. Nc3 Qd6 4. Nf3 Nf6 5. d4 g6 6. g3 Bg7 7. Bg2 Qa6 8. a4
O-O 9. Nb5 c6 10. Nc3 Bg4 11. b4 Qc4 12. Ra3 Qxb4 13. O-O Qa5 14. Rb3 Be6 15.
Ra3 Nbd7 16. Bd2 h6 17. Re1 Rfe8 18. Ne5 Nxe5 19. dxe5 Ng4 20. Ne4 Qb6 21. a5
Qb2 22. Ra4 Rad8 23. Nc5 Bc8 24. Nd3 Rxd3 25. cxd3 Nxe5 26. Rb4 Qa3 27. d4 Nd7
28. Re3 Qxa5 29. Rxb7 Qf5 30. Rxa7 Bxd4 31. Ra5 c5 32. Rf3 Qh5 33. Qa4 Rf8 34.
Rd3 Ne5 35. Rxd4 cxd4 36. Qxd4 Qd1+ 0-1

[Event "TCh-RUS HL 2019"]
[Site "Sochi RUS"]
[Date "2019.05.03"]
[Round "3.1"]
[Board "1"]
[White "Goryachkina, Aleksandra"]
[Black "Zakhartsov, Vladimir"]
[Result "1/2-1/2"]
[WhiteTitle "GM"]
[BlackTitle "GM"]
[WhiteElo "2522"]
[BlackElo "2471"]
[WhiteTeam "Yamal (YaNAO)"]
[BlackTeam "Grandmaster Academy / Chess-trans"]
[WhiteFideId "4147103"]
[BlackFideId "4145097"]
[EventDate "2019.05.01"]

1. Nf3 Nf6 2. c4 e6 3. g3 d5 4. d4 dxc4 5. Bg2 c5 6. O-O Nc6 7. dxc5 Qxd1 8.
Rxd1 Bxc5 9. Nbd2 c3 10. bxc3 Bd7 11. Ng5 Be7 12. Nde4 Nxe4 13. Bxe4 Bxg5 14.
Bxg5 h6 15. Be3 O-O-O 16. Rd6 Be8 17. Rxd8+ Kxd8 18. Bxc6 Bxc6 19. Bxa7 Ke7 20.
a4 Rd8 21. Bd4 f6 22. f3 e5 23. Be3 Ke6 24. c4 f5 25. a5 f4 26. gxf4 exf4 27.
Bc5 Ra8 28. Bb4 Kf5 29. Rd1 Re8 30. Kf2 g5 31. Rd4 Re6 32. h4 Re8 33. Bd2 Re7
34. e3 Rd7 35. e4+ Kg6 36. Rxd7 Bxd7 37. hxg5 hxg5 38. Ke2 Kf6 39. Kd3 Ke6 40.
Kd4 Ba4 41. Kd3 Bd1 1/2-1/2

[Event "TCh-RUS HL 2019"]
[Site "Sochi RUS"]
[Date "2019.05.03"]
[Round "3.1"]
[Board "2"]
[White "Glek, Igor"]
[Black "Potapov, Pavel"]
[Result "1/2-1/2"]
[WhiteTitle "GM"]
[BlackTitle "GM"]
[WhiteElo "2464"]
[BlackElo "2492"]
[WhiteTeam "Grandmaster Academy / Chess-trans"]
[BlackTeam "Yamal (YaNAO)"]
[WhiteFideId "4100484"]
[BlackFideId "4169786"]
[EventDate "2019.05.01"]

1. e4 c5 2. Nf3 Nc6 3. Nc3 e5 4. Bc4 Be7 5. d3 d6 6. Nd2 Nf6 7. Nf1 Nd7 8. a3
O-O 9. Ne3 Nb6 10. Ba2 Bg5 11. O-O Be6 12. Ncd5 Bxe3 13. fxe3 Ne7 14. c4 Ng6 15.
b4 Nd7 16. Rb1 b6 17. Bb3 Rc8 18. Ba4 Bxd5 19. cxd5 Rc7 20. Bd2 c4 21. Rc1 cxd3
22. Qb3 Nf6 23. Qxd3 Ne7 24. Bb5 Qc8 25. Rxc7 Qxc7 26. Rc1 Qb8 27. a4 Rc8 28.
Bc6 h6 29. h3 Rc7 30. b5 Rc8 31. Rc4 Rd8 32. a5 Nc8 33. a6 Nd7 34. Bxd7 Rxd7 35.
Qc2 Ne7 36. Bb4 Qd8 37. Kh2 Kh7 38. Be1 f6 39. Bb4 g6 40. Qc1 Kg7 41. Qa3 Kf7
42. Rc6 Nc8 43. Kg1 Kg7 44. Kf1 Kf7 45. Ke2 Kg7 46. g4 g5 47. Kd3 Kf7 48. Kc2
Kg7 49. Kb3 Kf7 50. Qc1 Ne7 51. Rc2 Kg7 52. Ka4 Qb8 53. h4 gxh4 54. Be1 h3 55.
Bh4 Qd8 56. Qf1 Ng6 57. Qxh3 Rc7 58. Rc6 Rxc6 59. bxc6 b5+ 60. Kb4 Qb6 61. Bxf6+
Kxf6 62. g5+ Kxg5 63. Qf5+ Kh4 64. Qf6+ Kh5 65. Qxd6 Qxa6 66. Qc5 Qa4+ 67. Kc3
Qa1+ 68. Kc2 Qa2+ 69. Kc1 Qa1+ 70. Kc2 1/2-1/2

[Event "TCh-RUS HL 2019"]
[Site "Sochi RUS"]
[Date "2019.05.03"]
[Round "3.1"]
[Board "3"]
[White "Belyakov, Bogdan"]
[Black "Golubev, Roman"]
[Result "1-0"]
[WhiteTitle "IM"]
[BlackTitle "IM"]
[WhiteElo "2460"]
[BlackElo "2378"]
[WhiteTeam "Yamal (YaNAO)"]
[BlackTeam "Grandmaster Academy / Chess-trans"]
[WhiteFideId "24104795"]
[BlackFideId "14202344"]
[EventDate "2019.05.01"]

1. e4 e5 2. Nf3 Nc6 3. d4 exd4 4. Bc4 Bc5 5. c3 Nf6 6. e5 d5 7. Bb5 Ne4 8. cxd4
Bb6 9. Nc3 O-O 10. Be3 Bg4 11. h3 Bh5 12. Qc2 Bxf3 13. gxf3 Ng5 14. O-O-O Nxf3
15. Bxc6 bxc6 16. Qe2 Nh4 17. Rhg1 Nf5 18. Bg5 Qc8 19. Bf6 g6 20. Qh5 Ng7 21.
Qh6 Nf5 22. Qh5 Ng7 23. Qg5 Qf5 24. Qh6 Nh5 25. Rg5 Qf4+ 26. Kb1 Nxf6 27. Rxg6+
fxg6 28. Qxf4 Ne4 29. Qe3 Nxc3+ 30. bxc3 Rae8 31. Rg1 Rf5 32. f4 Kf7 33. Rg5
Rxg5 34. fxg5 Re6 35. Kc2 Kg7 36. Kd3 Kf7 37. Qf3+ Kg7 38. h4 Kg8 39. a3 Kg7 40.
a4 Kg8 41. Qh3 Kf7 42. h5 Ke7 43. hxg6 hxg6 44. Qh7+ Ke8 45. Qg8+ Ke7 46. Qg7+
Ke8 47. c4 Ba5 48. Qg8+ Ke7 49. Qh7+ Ke8 50. Qg7 a6 51. Qg8+ Ke7 52. Qh7+ Ke8
53. Qg7 Be1 54. cxd5 cxd5 55. Qxc7 Bh4 56. Qc8+ Ke7 57. Qb7+ 1-0

[Event "TCh-RUS HL 2019"]
[Site "Sochi RUS"]
[Date "2019.05.03"]
[Round "3.1"]
[Board "4"]
[White "Vdovin, Vadim"]
[Black "Savitskiy, Sergey"]
[Result "1/2-1/2"]
[WhiteTitle "FM"]
[BlackTitle "IM"]
[WhiteElo "2361"]
[BlackElo "2411"]
[WhiteTeam "Grandmaster Academy / Chess-trans"]
[BlackTeam "Yamal (YaNAO)"]
[WhiteFideId "24107158"]
[BlackFideId "24105660"]
[EventDate "2019.05.01"]

1. e4 c5 2. Nf3 d6 3. d4 cxd4 4. Nxd4 Nf6 5. Nc3 a6 6. Be2 e5 7. Nb3 Be7 8. Be3
O-O 9. g4 Be6 10. g5 Ne8 11. h4 Nc7 12. Bg4 d5 13. exd5 Nxd5 14. Bxe6 fxe6 15.
Qg4 Qc8 16. O-O Nxc3 17. bxc3 Rf5 18. c4 Nd7 19. Rab1 Qc7 20. Qe4 Raf8 21. c5
Rf4 22. Bxf4 Rxf4 23. Qe2 e4 24. Kg2 Ne5 25. Rh1 e3 26. f3 Nxf3 27. Qxe3 Nxh4+
28. Rxh4 Rxh4 29. Qxe6+ Kh8 30. Rh1 Rxh1 31. Kxh1 Qd8 32. g6 Qd1+ 33. Kg2 Qxc2+
34. Kf3 Qd3+ 35. Kf4 Qd8 36. gxh7 Kxh7 37. Qe4+ Kh6 38. Qxb7 Bg5+ 39. Ke4 Qe8+
40. Kd5 Qg8+ 41. Kd4 Bf6+ 42. Kd3 Qe6 43. Qh1+ Kg6 44. c6 Qd6+ 45. Kc4 Qf4+ 46.
Kc5 Qe3+ 47. Kc4 Qc3+ 48. Kd5 Qe5+ 1/2-1/2

[Event "TCh-RUS HL 2019"]
[Site "Sochi RUS"]
[Date "2019.05.03"]
[Round "3.2"]
[Board "1"]
[White "Gutenev, Alexander"]
[Black "Lugovskoy, Maxim"]
[Result "1-0"]
[WhiteTitle "IM"]
[BlackTitle "GM"]
[WhiteElo "2460"]
[BlackElo "2445"]
[WhiteTeam "South Ural (Chelyabinsk region)"]
[BlackTeam "Sochi (Krasnodar Territory)"]
[WhiteFideId "4195540"]
[BlackFideId "24126454"]
[EventDate "2019.05.01"]

1. e4 e6 2. d4 d5 3. Nc3 Nf6 4. e5 Nfd7 5. f4 c5 6. Nf3 Be7 7. Be3 b6 8. Qd2 O-O
9. Be2 Ba6 10. O-O Bxe2 11. Nxe2 Nc6 12. c3 b5 13. Bf2 a5 14. f5 exf5 15. Nf4
cxd4 16. cxd4 Nb6 17. Qd3 Qd7 18. Rfe1 Nd8 19. Rac1 Ne6 20. Qxf5 g6 21. Qg4 Rac8
22. Bh4 Bxh4 23. Qxh4 Na4 24. Ng5 Nxg5 25. Qxg5 Kh8 26. e6 fxe6 27. Nxe6 Rf7 28.
Rxc8+ Qxc8 29. Nd8 Rf8 30. Qe5+ Kg8 31. Qxd5+ Kh8 32. Qe5+ Kg8 33. Ne6 Rf7 34.
Qxb5 Qc2 35. Qe8+ Rf8 36. Qxf8# 1-0

[Event "TCh-RUS HL 2019"]
[Site "Sochi RUS"]
[Date "2019.05.03"]
[Round "3.2"]
[Board "2"]
[White "Oganian, Miran"]
[Black "Drygalov, Andrey"]
[Result "1/2-1/2"]
[WhiteTitle "IM"]
[BlackTitle "IM"]
[WhiteElo "2415"]
[BlackElo "2481"]
[WhiteTeam "Sochi (Krasnodar Territory)"]
[BlackTeam "South Ural (Chelyabinsk region)"]
[WhiteFideId "4122488"]
[BlackFideId "24171735"]
[EventDate "2019.05.01"]

1. d4 d5 2. c4 c6 3. Nf3 Nf6 4. Nc3 e6 5. e3 Nbd7 6. Qc2 b6 7. Be2 Bb7 8. b3 Bd6
9. O-O O-O 10. Bb2 Qe7 11. Rad1 Rfe8 12. Rfe1 Rad8 13. Bf1 c5 14. cxd5 exd5 15.
g3 Rc8 16. dxc5 Bxc5 17. Qb1 Bb4 18. Rc1 Ne4 19. Qa1 Bxc3 20. Bxc3 Rxc3 21. Rxc3
Qf6 22. Rc7 Qxf3 23. Qb2 Nec5 24. b4 d4 25. Rxb7 Nxb7 26. Bg2 Qf5 27. Bxb7 dxe3
28. Rxe3 Rxe3 29. fxe3 Ne5 30. Kg2 h5 31. h3 g6 32. Qd2 Kg7 33. Bd5 Qf6 34. Qd4
Qf5 35. Be4 Qe6 36. Bd5 Qf5 37. Be4 Qe6 38. Bd5 Qf5 39. Be4 Qe6 40. Bd5 Qf5 1/2-1/2

[Event "TCh-RUS HL 2019"]
[Site "Sochi RUS"]
[Date "2019.05.03"]
[Round "3.2"]
[Board "3"]
[White "Radzhabov, Rodion"]
[Black "Zakaryan, David"]
[Result "1/2-1/2"]
[WhiteTitle "FM"]
[BlackTitle "FM"]
[WhiteElo "2406"]
[BlackElo "2350"]
[WhiteTeam "South Ural (Chelyabinsk region)"]
[BlackTeam "Sochi (Krasnodar Territory)"]
[WhiteFideId "884715"]
[BlackFideId "24101923"]
[EventDate "2019.05.01"]

1. Nf3 Nf6 2. g3 g6 3. b3 Bg7 4. Bb2 O-O 5. Bg2 b6 6. O-O Bb7 7. c4 e6 8. d4 d5
9. Nc3 Na6 10. cxd5 Nxd5 11. Nxd5 exd5 12. Qd2 Re8 13. e3 c5 14. dxc5 bxc5 15.
Rfd1 Qb6 16. Bxg7 Kxg7 17. Rac1 Rac8 18. Ne1 Red8 19. Nd3 d4 20. Bxb7 Qxb7 21.
exd4 Rxd4 22. Nxc5 Rxd2 23. Nxb7 Rxc1 24. Rxc1 Rxa2 25. Nd6 Rd2 26. Nb5 Rd7 27.
Ra1 Nc5 28. Rxa7 Rxa7 29. Nxa7 Nxb3 30. Nb5 Nc5 31. Kg2 Kg8 32. Nc3 Kg7 33. Ne2
Kg8 34. Nc3 Kg7 35. Ne2 Kg8 36. Nc3 Kg7 1/2-1/2

[Event "TCh-RUS HL 2019"]
[Site "Sochi RUS"]
[Date "2019.05.03"]
[Round "3.2"]
[Board "4"]
[White "Utnasunov, Alexander"]
[Black "Kazantsev, Nikita"]
[Result "1/2-1/2"]
[WhiteElo "2437"]
[BlackElo "2197"]
[WhiteTeam "Sochi (Krasnodar Territory)"]
[BlackTeam "South Ural (Chelyabinsk region)"]
[WhiteFideId "4134524"]
[BlackFideId "24175633"]
[EventDate "2019.05.01"]

1. d4 Nf6 2. c4 g6 3. Nc3 Bg7 4. e4 d6 5. f3 O-O 6. Be3 Nc6 7. Nge2 a6 8. Qd2
Rb8 9. Nc1 e5 10. d5 Nd4 11. Nb3 c5 12. dxc6 bxc6 13. Nxd4 exd4 14. Bxd4 Re8 15.
Be2 d5 16. cxd5 Rb4 17. Bc5 Nxe4 18. fxe4 Bxc3 19. Qxc3 Rbxe4 20. O-O Rxe2 21.
dxc6 Qc7 22. Bf2 Bf5 23. Rac1 Be4 24. Rfe1 Rxe1+ 25. Qxe1 Re6 26. Bg3 Qb6+ 27.
Bf2 Qc7 28. Bg3 Qb6+ 29. Bf2 Qc7 30. Bg3 Qb6+ 31. Bf2 Qc7 32. Bg3 1/2-1/2

[Event "TCh-RUS HL 2019"]
[Site "Sochi RUS"]
[Date "2019.05.03"]
[Round "3.3"]
[Board "1"]
[White "Rychagov, Andrey"]
[Black "Korneev, Oleg"]
[Result "1/2-1/2"]
[WhiteTitle "GM"]
[BlackTitle "GM"]
[WhiteElo "2548"]
[BlackElo "2530"]
[WhiteTeam "Botvinnik School (Moscow)"]
[BlackTeam "KPRF (Moscow)"]
[WhiteFideId "4119932"]
[BlackFideId "4156803"]
[EventDate "2019.05.01"]

1. d4 d5 2. c4 c6 3. cxd5 cxd5 4. Nc3 Nf6 5. Nf3 Nc6 6. Bf4 Bf5 7. e3 e6 8. Bd3
Bxd3 9. Qxd3 Bd6 10. Bxd6 Qxd6 11. O-O O-O 12. Rfc1 Rfc8 13. h3 h6 14. Ne2 Rc7
15. Nc3 Rcc8 16. Ne2 Rc7 17. Nc3 Rcc8 1/2-1/2

[Event "TCh-RUS HL 2019"]
[Site "Sochi RUS"]
[Date "2019.05.03"]
[Round "3.3"]
[Board "2"]
[White "Kornev, Alexei"]
[Black "Novikov, Stanislav"]
[Result "1/2-1/2"]
[WhiteTitle "GM"]
[BlackTitle "GM"]
[WhiteElo "2490"]
[BlackElo "2535"]
[WhiteTeam "KPRF (Moscow)"]
[BlackTeam "Botvinnik School (Moscow)"]
[WhiteFideId "4120949"]
[BlackFideId "4125371"]
[EventDate "2019.05.01"]

1. d4 d5 2. c4 e6 3. Nc3 c6 4. e3 Nf6 5. Nf3 Nbd7 6. Be2 dxc4 7. a4 c5 8. d5
exd5 9. Nxd5 Bd6 10. Bxc4 O-O 11. O-O Nxd5 12. Bxd5 Nf6 13. Bc4 Bg4 14. h3 Bh5
15. b3 Qe7 16. Bb2 Ne4 17. Be2 Rad8 18. Qc2 Bxf3 19. Bxf3 Nd2 20. Rfd1 Nxf3+ 21.
gxf3 Be5 22. Bxe5 Qxe5 23. Rxd8 Rxd8 24. Rd1 Rd5 25. f4 Qd6 26. Rxd5 Qxd5 27.
Qc4 Qxc4 28. bxc4 g6 29. Kg2 Kf8 30. Kf3 Ke7 31. e4 f5 32. e5 Ke6 33. h4 h5 34.
Ke3 Ke7 35. Kd3 a6 36. a5 Ke6 37. Ke3 Ke7 38. Kd3 Ke6 39. Ke3 Ke7 40. Kd3 Ke6 1/2-1/2

[Event "TCh-RUS HL 2019"]
[Site "Sochi RUS"]
[Date "2019.05.03"]
[Round "3.3"]
[Board "3"]
[White "Makarian, Rudik"]
[Black "Yagupov, Igor"]
[Result "1-0"]
[WhiteTitle "IM"]
[BlackTitle "GM"]
[WhiteElo "2348"]
[BlackElo "2391"]
[WhiteTeam "Botvinnik School (Moscow)"]
[BlackTeam "KPRF (Moscow)"]
[WhiteFideId "44105681"]
[BlackFideId "4113632"]
[EventDate "2019.05.01"]

1. c4 c6 2. Nf3 d5 3. d4 Nf6 4. Nc3 e6 5. cxd5 exd5 6. Bf4 Bf5 7. e3 Nbd7 8. Nh4
Be6 9. Bd3 Ne4 10. Nf3 f5 11. Bxe4 fxe4 12. Ng5 Bf5 13. g4 h6 14. Nf7 Kxf7 15.
gxf5 Nf6 16. f3 Nh5 17. fxe4 Qh4+ 18. Kd2 Nxf4 19. exf4 Qxf4+ 20. Kd3 Be7 21.
Qh5+ Kf8 22. Raf1 Qh4 23. Qxh4 Bxh4 24. e5 Kf7 25. Rhg1 Be7 26. Ne2 Rhe8 27. Nf4
Rac8 28. f6 g5 29. fxe7 gxf4 30. Rxf4+ Ke6 31. Rf6+ Kd7 32. Rd6+ Kc7 33. Rg7 h5
34. Ke3 Kb6 35. Rd7 c5 36. Rg6+ Rc6 37. dxc5+ Kxc5 38. Rxc6+ Kxc6 39. e6 Kc5 40.
Kf4 1-0